000 00815nam a2200181Ia 4500
008 100921s9999 xx 000 0 und d
082 _b17953
_a923.6 थ 82
100 _aपाटणे संभाजीराव.
245 _aत्यागमूर्ती कर्मवीर भाऊराव पाटील.
260 _bसुशील प्रकाशन, सातारा.
_c1982
300 _a50
_b---
365 _b5
520 _aचरित्रे-समाजसुधारक.
630 _aत्यागमूर्ती कर्मवीर भाऊराव पाटील.
650 _aचरित्रे-समाजसुधारक.
730 _aत्यागमूर्ती कर्मवीर भाऊराव पाटील.
942 _cBOOK
999 _c767066
_d767063